00933cam a2200229 a 450000100100000000500170001000800410002704000250006808200170009310000450011024500380015526000330019330000210022649000300024750500670027765000280034465000420037283000360041495201150045095201210056599900170068600001803820200929165329.0720330s1967 sp 000 f spa d aDO-SdBNPbspadBNPHU a863.6bB191c1 aBallesteros, Mercedes.d1913-199593910913aEl chico /cMercedes Ballesteros. aBarcelona :bDestino,c1967. a185 p. ;c19 cm.1 aÁncora y Delfín,v2840 aEl chico. Primera parte -- Segunda parte -- Eclipse de tierra. 4aNovela española91123 4aLiteratura españolaySIGLO XX93326 0aÁncora y Delfín,v28495000 001050718MOaGRbGRcHDd2010-04-12iLF1l0o863.6 B191cp18038-10r2020-06-25w2020-06-25y1ZNo se presta 001150718MOaGRbGRcMId2017-05-26iLF1l0o863.6 B191cp18038-20r2020-06-25te. 2w2020-06-25y1ZNo se presta c17560d17560